Sóng biển đối với cảng biển

Gardado en:
Detalles Bibliográficos
Autor Principal: Phạm, Văn Giáp
Formato: Libro
Idioma:Undetermined
Publicado: Hà Nội Xây dựng 2004
Những chủ đề:
Các nhãn: Engadir etiqueta
Sen Etiquetas, Sexa o primeiro en etiquetar este rexistro!
Thư viện lưu trữ: Trung tâm Học liệu Trường Đại học Cần Thơ
LEADER 00509nam a2200181Ia 4500
001 CTU_92466
008 210402s9999 xx 000 0 und d
082 |a 627 
082 |b Gi109 
100 |a Phạm, Văn Giáp 
245 0 |a Sóng biển đối với cảng biển 
245 0 |c Phạm Văn Giáp 
260 |a Hà Nội 
260 |b Xây dựng 
260 |c 2004 
650 |a Hydraulic engineering 
904 |i Tuyến 
980 |a Trung tâm Học liệu Trường Đại học Cần Thơ